I'm ok you're ok : (Record no. 357644)
[ view plain ]
| 000 -LEADER | |
|---|---|
| fixed length control field | 00573nam a2200217Ia 4500 |
| 008 - FIXED-LENGTH DATA ELEMENTS--GENERAL INFORMATION | |
| fixed length control field | 180523s9999 xx 000 0 und d |
| 020 ## - INTERNATIONAL STANDARD BOOK NUMBER | |
| International Standard Book Number | 971-08-1448-6 |
| 050 ## - LIBRARY OF CONGRESS CALL NUMBER | |
| Classification number | MAIN RC 480.5 |
| 050 ## - LIBRARY OF CONGRESS CALL NUMBER | |
| Item number | .H37 1979 c.2 |
| 100 ## - MAIN ENTRY--PERSONAL NAME | |
| Personal name | Harris, Thomas A. |
| 245 #0 - TITLE STATEMENT | |
| Title | I'm ok you're ok : |
| 245 #2 - TITLE STATEMENT | |
| Remainder of title | a practical guide to transactional analysis / |
| 245 #0 - TITLE STATEMENT | |
| Statement of responsibility, etc | Thomas A. Harris. |
| 260 ## - PUBLICATION, DISTRIBUTION, ETC. (IMPRINT) | |
| Place of publication, distribution, etc | New York : |
| 260 ## - PUBLICATION, DISTRIBUTION, ETC. (IMPRINT) | |
| Name of publisher, distributor, etc | Harper and Row Pub., |
| 260 ## - PUBLICATION, DISTRIBUTION, ETC. (IMPRINT) | |
| Date of publication, distribution, etc | 1979 |
| 300 ## - PHYSICAL DESCRIPTION | |
| Extent | 278 pages : |
| 300 ## - PHYSICAL DESCRIPTION | |
| Dimensions | 17 cm. |
| 500 ## - GENERAL NOTE | |
| General note | Includes index. |
| 650 ## - SUBJECT ADDED ENTRY--TOPICAL TERM | |
| Topical term or geographic name as entry element | Transactional analysis. |
| Withdrawn status | Lost status | Damaged status | Home library | Current library | Shelving location | Date acquired | Cost, normal purchase price | Total Checkouts | Full call number | Barcode | Date last seen | Price effective from | Koha item type |
|---|---|---|---|---|---|---|---|---|---|---|---|---|---|
| South Mansfield College | South Mansfield College | 05/31/2008 | 120.00 | MAIN RC 480.5 .H37 1979 c.2 | SMC05161 | 05/23/2018 | 05/23/2018 |